Statistics for Countries With Double Letters - 10 Minute Crawl

Click here to take the quiz!

General Stats

  • This quiz has been taken 77 times
  • The average score is 8 of 11

Answer Stats

country% Correct
Russia
88%
Morocco
83%
Philippines
81%
Andorra
78%
Greece
74%
Marshall Islands
74%
Seychelles
72%
St Kitts and Nevis
71%
Guinea-Bissau
70%
Sierra Leone
64%
Cameroon
55%

Score Distribution

Percentile by Number Answered

Percent of People with Each Score

Your Score History

You have not taken this quiz